|
|
|
|
| LEADER |
00000njm a2200000 4500 |
| 001 |
vtls011983989 |
| 003 |
SK-MaSNL |
| 005 |
20260301145701.0 |
| 007 |
sd cszc p |
| 008 |
200727s1977 xo sgz g 0 0 slo |
| 028 |
0 |
1 |
|a 91 34 0094
|b Opus
|
| 028 |
1 |
3 |
|a OG 0879/A C
|b Opus
|
| 028 |
1 |
3 |
|a OG 0880/A E
|b Opus
|
| 040 |
|
|
|a SNK
|b slo
|c SNK
|e rda
|
| 041 |
0 |
|
|a slo
|
| 044 |
|
|
|a xo
|c SK
|
| 072 |
|
7 |
|a 788
|x Hudba pre dychové nástroje
|2 konspekt
|
| 080 |
|
|
|a 788
|2 2001
|
| 080 |
|
|
|a 785.12.071
|2 2011
|
| 080 |
|
|
|a (086.72)
|2 2011
|
| 110 |
2 |
|
|a Dychová hudba a spevácka skupina z Nemšovej
|4 aut
|9 505857
|
| 245 |
0 |
0 |
|a Mám ja kosu kosičku : Okolo Nemšovej : Zasvietil mesiac : V tej Nemšovej krčme nová
|c Dychovú hudbu a spevácku skupinu vedie Jozef Králik
|
| 264 |
|
1 |
|a [Bratislava]
|b Opus
|c [1973]
|
| 264 |
|
4 |
|c Ⓟ1973
|
| 300 |
|
|
|a 1 gramofónová platňa
|c 18 cm
|
| 336 |
|
|
|a hraná hudba
|b prm
|2 rdacontent
|
| 337 |
|
|
|a audio
|b s
|2 rdamedia
|
| 338 |
|
|
|a iný
|b z
|2 rdacarrier
|
| 340 |
|
|
|a vinyl
|a rda
|
| 344 |
|
|
|a analog
|c 45 ot/min
|g stereo
|2 rda
|
| 500 |
|
|
|a Platňa obsahuje 4 piesne
|
| 500 |
|
|
|a Názov prevzatý z obalu
|
| 500 |
|
|
|a Miesto vydania podľa vydavateľa
|
| 650 |
0 |
7 |
|a dychová hudba
|2 SNKPH
|9 3426
|
| 650 |
0 |
7 |
|a Wind instrument music
|2 SNKPHeng
|9 315481
|
| 655 |
|
7 |
|a gramofónové platne
|2 SNKPH
|9 74608
|
| 655 |
|
7 |
|a Gramophone records
|2 SNKPHeng
|9 286457
|
| 700 |
1 |
|
|a Králik, Jozef
|4 cnd
|9 192791
|
| 740 |
0 |
2 |
|a Mám ja kosu, kosičku
|h zvukový dokument
|
| 740 |
0 |
2 |
|a Okolo Nemšovej
|h zvukový dokument
|
| 740 |
0 |
2 |
|a Zasvietil mesiac
|h zvukový dokument
|
| 740 |
0 |
2 |
|a V tej Nemšovej krčma nová
|h zvukový dokument
|
| 999 |
|
|
|c 780976
|d 782906
|
| 952 |
|
|
|a SNK
|b SNK
|y PREZ
|7 0
|p 17A1418930
|o snkST 35
|i snk4720/73
|0 0
|1 0
|4 0
|d 2020-07-27
|l 0
|r 2026-02-24 01:04:10
|w 2026-02-24
|
| 952 |
|
|
|a SNKMST
|b SNKMST
|y PREZ
|7 0
|p 17A1418931
|o snkST 35 D1
|i snk4731/73
|0 0
|1 0
|4 0
|d 2020-07-27
|l 0
|r 2026-02-24 01:04:10
|w 2026-02-24
|